Les pays où l'on consomme le plus d'alcool au monde - Statistiques

Statistiques générales
  • Ce quiz a été pris 222 fois
  • Le résultat moyen est 5 sur 10
Statistiques - réponses
Rang Pays Litre d'alcool consommé en moyenne par personne et par an % Correct
4 Russie 15,76 litres
98%
5 Ukraine 15,60 litres
67%
8 Roumanie 15,30 litres
59%
10 Bélarus 15,13 litres
57%
6 Estonie 15,57 litres
50%
3 Hongrie 16,27 litres
48%
1 Moldavie 18,22 litres
43%
9 Slovénie 15,19 litres
42%
2 République Tchèque 16,45 litres
34%
7 Andorre 15,48 litres
10%
Aucun quiz correspondant
Distribution des résultats
% des personnes avec chaque résultat
Percentile par nombre de réponses
Votre historique - résultats
Vous n’avez pas pris ce quiz